• 首页
  • 本馆介绍
  • 公告通知
  • 最新文献
  • 馆藏检索
  • 电子资源
  • 读者导购
  • 参考咨询
  • 我的图书馆
  • 登录
  • 详细信息显示
  • 放入我的书架
  • 预约/预借图书
  • 作者相关作品
  • 分类相关作品
  • 丛书相关作品
  • 出版社相关作品

书目信息

  • 表格格式
  • 工作单格式
  • 卡片格式
题名:
跨文化交际读本
    
 
作者: 萨姆瓦 , 波特 编 ;颜静兰 导读
分册:  
出版信息: 上海   上海外语教育出版社  2007
页数: 18,491页
开本: 23cm
丛书名: 外教社跨文化交际丛书
单 册:
中图分类: G115
科图分类:
主题词: 文化交流--研究--英文
电子资源:
ISBN: 978-7-5446-0188-7
000 01265oam2 2200301 45
001 1130759749
005 20110310091742.35
010    @a978-7-5446-0188-7@dCNY50.00
100    @a20110122d2007 ekmy0chiy0120 ea
101 2  @achi@ceng@aeng
102    @aCN@b310000
105    @ay z 000yy
106    @ar
200 1  @a跨文化交际读本@AKua Wen Hua Jiao Ji Du Ben@dIntercultural communication: a reader@f(美) Larry A. Samovar,(美) Richard E. Porter编@F( Mei ) Larry A. Samovar,( Mei ) Richard E. Porter Bian@g颜静兰导读@zeng
210    @a上海@c上海外语教育出版社@d2007
215    @a18,491页@d23cm
225 2  @a外教社跨文化交际丛书@v2
305    @a汤姆森学习出版集团授权出版
330    @a本书共收集40余篇文章,对各国文化特点进行了精辟的分析,并以各自独特的视角阐述了交际与文化、语言与文化之间的关系,文化对非语言交际的影响,以及跨文化交际的伦理道德等问题。
461  0 @12001 @a外教社跨文化交际丛书@v2
510 1  @aIntercultural communication: a reader@zeng
606 0  @a文化交流@x研究@x英文
690    @aG115@v4
701  1 @a萨姆瓦@ASa Mu Wa@g(Samovar, Larry A.)@4编
701  1 @a波特@ABo Te@g(Porter, Richard E.)@4编
702  0 @a颜静兰@AYan Jing Lan@c(女, @f1956~)@4导读
801  0 @aCN@bTANGWEI@c20110310
905    @b0532160-64@dG115@e17@f5
    
    跨文化交际读本=Intercultural communication: a reader/(美) Larry A. Samovar,(美) Richard E. Porter编/颜静兰导读.-上海:上海外语教育出版社,2007
    18,491页;23cm.-(外教社跨文化交际丛书;2)
    
    
    ISBN 978-7-5446-0188-7:CNY50.00
    本书共收集40余篇文章,对各国文化特点进行了精辟的分析,并以各自独特的视角阐述了交际与文化、语言与文化之间的关系,文化对非语言交际的影响,以及跨文化交际的伦理道德等问题。
●
相关链接 在E读中查询图书 在五车中查询图书 在当当中查询图书 在豆瓣中查询图书


正题名:跨文化交际读本     索取号:G115/17         预约/预借

序号 登录号 条形码 馆藏地/架位号 状态 备注
1 0532160   205321604   第一样本阅览室/ [索取号:G115/17] 在馆    
2 0532161   205321613   第四借阅区/ [索取号:G115/17] 在馆    
3 0532162   205321622   第四借阅区/ [索取号:G115/17] 在馆    
4 0532163   205321631   第四借阅区/ [索取号:G115/17] 在馆    
5 0532164   205321640   第四借阅区/ [索取号:G115/17] 在馆    
唐山师范学院图书馆 欢迎您!
大连网信软件有限公司© 版权所有